| 000 | 00469nam a2200193Ia 4500 | ||
|---|---|---|---|
| 005 | 20230922103450.0 | ||
| 008 | 131103s9999 xx 000 0 und d | ||
| 040 | _aLoreto College | ||
| 041 | _aEnglish | ||
| 082 |
_a262 _bHEB |
||
| 100 | _aHebblethwaite, Peter | ||
| 245 | 4 |
_aThe Runaway Church _cPeter Hebblethwaite |
|
| 260 |
_aLondon _bCollins _c1978 |
||
| 300 | _a281p. | ||
| 504 | _aIncludes index | ||
| 650 | _aReligion | ||
| 850 | _aLCLIB | ||
| 942 | _cBK | ||
| 999 |
_c23235 _d73714 |
||